000
00246nam a2200097Ia 4500
008
240331s9999 xx 000 0 und d
082
_b
SUM
100
_a
Sumathy,
245
0
_a
Thin veils :
_b
in the shadow of the gun and the wicked witch
942
_c
L
999
_c
3382
_d
3382